Úspešný život

Bibliographic Details
Main Author: Quoist, Michel, 1921-1997 (Author)
Format: Book
Language:Slovak
French
PhysicalDescription:211 s. 20 cm
Published: Bratislava Lúč 2003
ISBN:8071144460
Edition:2. vyd.
Series:Viera Nádej Láska
Subjects:

MARC

LEADER 00000cam a2200000 a 4500
001 vtls001560112
003 SK-MaSNL
005 20260302073951.0
008 251029s2003 xo g 000 0 slo
015 |a SNBA2005/06-02374 
020 |a 8071144460  |q (brož.) 
035 |a VTK41455 
035 |a urn:nbn:sk:snk-amjdvw 
035 |a urn:nbn:sk:snk-am003c2i 
035 |a 75B9A8BC-F265-46E6-8D64-E841CB76FABE 
040 |a SNK  |b slo  |c SNK  |e AACR2 
041 1 |a slo  |h fre 
044 |a xo 
072 7 |a 27  |x Kresťanstvo. Kresťanská cirkev všeobecne. Ekleziológia  |2 konspekt 
080 |a 27  |2 1997 
080 |a 27-184.3  |2 1997 
080 |a 27-4  |2 1997 
080 |a (0:82-4)  |2 1997 
080 |a 2-185  |2 1997 
100 1 |a Quoist, Michel,  |d 1921-1997  |4 aut  |9 134460 
240 1 0 |a Réussir  |l Slovensky 
245 1 0 |a Úspešný život  |c Michel Quoist 
250 |a 2. vyd. 
260 |a Bratislava  |b Lúč  |c 2003 
300 |a 211 s.  |c 20 cm 
490 1 |a Viera Nádej Láska  |v 56 
500 |a Pravdepodobne preložené z franc. 
650 0 7 |a život  |2 SNKPH  |9 20137 
650 0 7 |a kresťanská viera  |2 SNKPH  |9 1712 
650 0 7 |a kresťanský život  |2 SNKPH  |9 1808 
655 7 |a úvahy  |2 SNKPH  |9 29403 
830 0 |a Viera Nádej Láska  |9 324413 
918 |a 80-7114-446-0 
968 |b FR  |d 2 
999 |c 1163050  |d 1164980 
952 |a SNK  |b SNK  |y PREZ  |7 0  |p 17A0471969  |o snkSD 74818  |i snk2005/9734  |8 0  |0 0  |1 0  |4 0  |d 2005-06-06  |l 0  |r 2025-11-21 00:00:00  |w 2026-02-24 
952 |a SNK  |b SNK  |y VYP  |7 0  |p 17A0471970  |o snkSD 74818 D1  |i snk2005/9735  |8 0  |0 0  |1 0  |4 0  |d 2005-06-06  |f 1  |l 0  |r 2017-06-30 00:00:00  |w 2026-02-24